| 000 | 01036nam a2200301Ia 4500 | ||
|---|---|---|---|
| 003 | OSt | ||
| 005 | 20221007125819.0 | ||
| 006 | a|||||r|||| 00| 0 | ||
| 007 | ta | ||
| 008 | 221006b |||||||| |||| 00| 0 eng d | ||
| 020 | _a9780071604659 (hbd) | ||
| 037 |
_b527, 23/03/2011, Aviva Books Company _cTextbook |
||
| 040 |
_aDGL _cDGL _beng |
||
| 041 |
_2eng _aeng |
||
| 082 | _aH:(U188), P9 Carg | ||
| 100 |
_aGao Jay _9722554 |
||
| 245 | 0 | _aDigital analysis of remotely sensed imagery | |
| 260 |
_aNew York _bMcGraw Hill _c2009 |
||
| 300 |
_axxiii, 645p. _ccm. |
||
| 500 | _aIncludes bibliographical references.; Index 619-645p. | ||
| 650 |
_a Applied optics _9722555 |
||
| 650 |
_a Environmental engineering and technology _9722556 |
||
| 650 |
_a Image Processing-digital techniques _9722557 |
||
| 650 |
_a Remote sensing images-data processing _9722558 |
||
| 650 | _aGeology | ||
| 942 |
_hH:(U188), P9 Carg _cTB _2CC |
||
| 999 |
_c1215866 _d1215866 |
||